00381cam a22001217a 4500008004000000100001900040245004400059260003900103300001000142650001400152999001900166952007400185180718b1995 xxu||||| |||| 00| 0 eng d aKapoor, B.B.S. aParyaverniye gyankoushcby B.B.S.Kapoor aRajasthanbMadhu Publicationc1995 a136p. aGyankoush c439417d439417 00104070aIIPAbIIPAd2010-04-28p70534r2018-07-21w2018-07-21yBK